Multiple Choice JetPunker Quiz - BautyArg - Statistics

General Stats
  • This quiz has been taken 196 times
  • The average score is 10 of 18
Answer Stats
Question Answer % Correct
From which country am I? Argentina
100%
Which of these Christian denominations do I belong to? Baptist/Non-Denominationals
82%
Which gender am I? 🤨 Male
82%
What was the thread about from which I got M.B. banned? Talked about Palestine in COTW
82%
Which of these things am I addicted to? Tea and lemonade
82%
Which of these faces have I never used in JetPunk? (⁀ᗢ⁀)
73%
Which quiz was my first one? Argentina's provinces that border other countries
64%
Who was the first person who comment on my quizzes? Cathlete
64%
Which of these Roblox screenshots did I not take?
45%
Which of these images is the best aproximation of my appearence?
45%
What is my profile picture - and the thumbnail of this quiz- about A parody of Jesus Christ
45%
Which of those languages have I never studied (or tried to)? Italian
45%
Who was my enemy in Total Drama - JetPunk? KiloNova
45%
Who was the fifth president of Mexico? Melchor Múzquiz de Arrieta
45%
Let's play two truths and a lie. Catch the lie! I hate fruit
36%
Regarding MY blogs, which ones have been deleted? "I'm not harassing you, Azeri"
36%
Which of those JetPunkers did I block by mistake? Jeremy
36%
Do I have a cat? Not not.
36%
No matching quizzes found
Score Distribution
Percent of People with Each Score
Percentile by Number Answered
Your Score History
You have not taken this quiz